书目信息 |
| 题名: |
新世纪东南亚华文短篇小说精选
|
|
| 作者: | 朱文斌 , 曾心 主编 | |
| 分册: | ||
| 出版信息: | 杭州 浙江工商大学出版社 2022.06 |
|
| 页数: | 266页 | |
| 开本: | 24cm | |
| 丛书名: | ||
| 单 册: | ||
| 中图分类: | I330.45 | |
| 科图分类: | ||
| 主题词: | 短篇小说--duan pian xiao shuo--小说集--东南亚--现代 | |
| 电子资源: | ||
| ISBN: | 978-7-5178-4911-7 | |
| 000 | 01314nam0 2200241 450 | |
| 001 | 011025153042 | |
| 005 | 20221025153042.0 | |
| 010 | @a978-7-5178-4911-7@dCNY76.00 | |
| 100 | @a20201004d2022 em y0chiy0120 ea | |
| 101 | 0 | @achi |
| 102 | @aCN@b330000 | |
| 105 | @ay z 000ay | |
| 106 | @ar | |
| 200 | 1 | @a新世纪东南亚华文短篇小说精选@Axin shi ji dong nan ya hua wen duan pian xiao shuo jing xuan@f朱文斌, (泰) 曾心主编 |
| 210 | @a杭州@c浙江工商大学出版社@d2022.06 | |
| 215 | @a266页@d24cm | |
| 300 | @a新世纪东南亚华文文学精选 | |
| 330 | @a本书内容包含新加坡5篇、马来西亚5篇、泰国6篇、印尼2篇、菲律宾3篇、文莱1篇、越南2篇,共24篇。收录在这本书中的作品,既有“为人生而写作”的,也有“为艺术而写作”的;既有取材于现实社会日常生活的,也有取材于神话寓言的;既有平铺直叙的,也有娓娓道来的。创作主题既有追忆往昔童真岁月的,也有批判当下社会不合理现象的;既有歌颂人间真善美之人与物与事的,也有暴露人性阴暗面的;既有剖析伦理道德、阐发哲理感悟的,也有反思人生困境和世道无常的。书中作品展示了东南亚的社会现实面貌和东南亚华人的百态人生,宛若在读者面前铺开了一幅浸润着椰风蕉雨的南洋风情画。 | |
| 606 | 0 | @a短篇小说@Aduan pian xiao shuo@x小说集@y东南亚@z现代 |
| 690 | @aI330.45@v5 | |
| 701 | 0 | @a朱文斌@Azhu wen bin@4主编 |
| 701 | 0 | @c(泰)@a曾心@Azeng xin@f(1938-)@4主编 |
| 905 | @a河南城建学院图书馆@dI330.45@eZ880 | |
| 新世纪东南亚华文短篇小说精选/朱文斌, (泰) 曾心主编.-杭州:浙江工商大学出版社,2022.06 |
| 266页;24cm |
| 新世纪东南亚华文文学精选 |
| ISBN 978-7-5178-4911-7:CNY76.00 |
| 本书内容包含新加坡5篇、马来西亚5篇、泰国6篇、印尼2篇、菲律宾3篇、文莱1篇、越南2篇,共24篇。收录在这本书中的作品,既有“为人生而写作”的,也有“为艺术而写作”的;既有取材于现实社会日常生活的,也有取材于神话寓言的;既有平铺直叙的,也有娓娓道来的。创作主题既有追忆往昔童真岁月的,也有批判当下社会不合理现象的;既有歌颂人间真善美之人与物与事的,也有暴露人性阴暗面的;既有剖析伦理道德、阐发哲理感悟的,也有反思人生困境和世道无常的。书中作品展示了东南亚的社会现实面貌和东南亚华人的百态人生,宛若在读者面前铺开了一幅浸润着椰风蕉雨的南洋风情画。 |
| ● |
| 相关链接 |
|
|
|
正题名:新世纪东南亚华文短篇小说精选
索取号:I330.45/Z880
 
预约/预借
| 序号 | 登录号 | 条形码 | 馆藏地/架位号 | 状态 | 备注 |
| 1 | 1586480 | 215864802 | 文学库116/116文学库 15排4列3层/ [索取号:I330.45/Z880] | 在馆 | |
| 2 | 1586481 | 215864811 | 文学库116/116文学库 15排4列3层/ [索取号:I330.45/Z880] | 在馆 |